[Event "EU-chT (Men) 11th"]
[Site "Pula"]
[Date "1997.05.??"]
[Round "3.1"]
[White "Atalik, Suat"]
[Black "Nikolic, Predrag"]
[Result "0-1"]
[WhiteElo "2555"]
[BlackElo "2655"]
[Annotator "Huebner,R"]
[PlyCount "98"]
[EventDate "1997.05.05"]
[EventType "team-swiss"]
[EventRounds "9"]
[EventCountry "CRO"]
[SourceTitle "CBM 057 Extra"]
[Source "ChessBase"]
[SourceDate "1997.05.01"]
[SourceVersion "1"]
[SourceVersionDate "1997.05.01"]
[SourceQuality "1"]
[WhiteTeam "Turkey"]
[BlackTeam "Bosnia&Herzegovina"]
[WhiteTeamCountry "TUR"]
[BlackTeamCountry "BIH"]

1. d4 d5 2. c4 c6 3. Nf3 Nf6 4. Nc3 dxc4 5. a4 Na6 6. e4 Bg4 7. Bxc4 Bxf3 8.
gxf3 e6 9. Be3 Nb4 10. a5 Be7 11. Qb3 b5 12. axb6 axb6 13. O-O O-O 14. Rxa8
Qxa8 15. Rd1 Rd8 16. Bf1 Qa5 17. Ne2 c5 18. dxc5 Rxd1 19. Qxd1 bxc5 20. Nc3 h6
21. f4 Qc7 22. Bg2 Nd7 23. e5 Nf8 24. Nb5 Qb6 25. Nd6 Qc7 26. Be4 f5 27. Bf3
Kh7 28. Be2 Qa5 29. Bc4 Nc6 30. Nxf5 $2 {Das Opfer ist inkorrekt; Weiß hatte
offenbar eine Halluzination. Nach einem neutralen Zuge dürfte er nichts zu
befürchten haben.} exf5 31. Qd5 Nd8 (31... Qc7 $4 32. Qg8+ Kg6 33. Bf7#) 32.
Bd3 g6 33. Bc4 Nde6 34. Qc6 Qc7 35. Qe8 Kg7 36. h4 h5 37. Bd5 Qd8 38. Qc6 Kf7
39. Bxc5 Qd7 40. Be3 Qxc6 41. Bxc6 Nc7 42. Kg2 Ke6 43. Kg3 Nd7 44. Kh3 Bb4 45.
Kg3 Nc5 46. Kf3 Nd3 47. Ba4 Nxb2 48. Bb3+ Ke7 49. Ke2 Ne6 0-1

[Event "Chigorin Memorial 07th"]
[Site "St Petersburg"]
[Date "1999.11.08"]
[Round "7"]
[White "Zakharevich, Igor"]
[Black "Ignatiev, Alexander"]
[Result "1-0"]
[WhiteElo "2523"]
[BlackElo "2330"]
[Annotator "Huebner,R"]
[PlyCount "95"]
[EventDate "1999.11.02"]
[EventType "swiss"]
[EventRounds "9"]
[EventCountry "RUS"]
[SourceTitle "CBM 074"]
[Source "ChessBase"]
[SourceDate "2000.02.01"]
[SourceVersion "1"]
[SourceVersionDate "2000.02.01"]
[SourceQuality "1"]

1. d4 d5 2. Nf3 c6 3. c4 Nf6 4. Nc3 dxc4 5. a4 Bg4 6. Ne5 Bh5 7. h3 Na6 8. g4
Bg6 9. Bg2 Nb4 10. O-O Bc2 11. Qd2 e6 12. a5 (12. Nxc4 Bb3 13. Ne5 Nc2 14. Rb1
Qc7 $13 {0-1 Van den Berg,D-Bierenbroodspot,P/Haarlem 1994/EXT 99 (37)}) 12...
Bb3 (12... Nd7 $5 {sieht solider aus.}) 13. a6 Qc7 14. axb7 Qxb7 15. Ne4 Nxe4
16. Bxe4 Nd5 17. Qg5 Rc8 18. Bd2 h6 19. Qh4 Be7 20. Qg3 Bf6 21. Rac1 Qb8 $6 (
21... c5 {ist eine plausible Fortsetzung.}) 22. f4 Qb6 (22... c5 23. g5 hxg5
24. fxg5 Bxe5 25. dxe5 g6 $13) 23. e3 Rc7 24. Qf3 Qb7 25. Rf2 g5 26. f5 Bxe5
27. dxe5 Re7 28. Bc3 Kd7 29. Bd4 Kc8 30. Ra1 a6 31. Ra5 Rd8 32. Rf1 Red7 33.
Rfa1 Nb4 34. Rxa6 Qxa6 $2 ({Nach} 34... Rxd4 35. Rxc6+ Nxc6 36. exd4 Qb6 37.
Bxc6 Rxd4 {ist die Lage durchaus nicht klar.}) 35. Rxa6 $18 Nxa6 36. Bxc6 Rc7
37. Bb6 Rd1+ 38. Kh2 Rd2+ 39. Kg3 Rxb2 40. Bxc7 Kxc7 41. Be8 Nb8 42. fxe6 fxe6
43. Qf7+ Kd8 44. Qf8 Nd7 45. Bxd7+ Kxd7 46. Qd6+ Kc8 47. Qxe6+ Kb7 48. Qd5+ 1-0

[Event "POL-ch 54th"]
[Site "Sopot"]
[Date "1997.??.??"]
[Round "7"]
[White "Krasenkow, Michal"]
[Black "Sapis, Witalis"]
[Result "1/2-1/2"]
[WhiteElo "2615"]
[BlackElo "2430"]
[Annotator "Huebner,R"]
[PlyCount "94"]
[EventDate "1997.03.18"]
[EventType "tourn"]
[EventRounds "15"]
[EventCountry "POL"]
[EventCategory "9"]
[SourceTitle "CBM 059"]
[Source "ChessBase"]
[SourceDate "1997.08.01"]
[SourceVersion "1"]
[SourceVersionDate "1997.08.01"]
[SourceQuality "1"]

1. c4 {Krasenkow} c6 2. Nf3 d5 3. d4 Nf6 4. Nc3 dxc4 5. a4 Bg4 6. Ne5 Bh5 7. f3
Nfd7 8. Nxc4 e5 9. Be3 Bg6 {Häufiger wurde 9...Bb4 versucht:} (9... Bb4 10. g4
Bg6 11. dxe5 Qe7 12. f4 Qh4+ 13. Bf2 Qxg4 14. Qb3 Na6 15. Nd6+ Bxd6 16. Qxb7
Nb4 17. Qxa8+ Bb8 $13 {Granda Zuniga,J-Nikolic,P, Biel izt 1992, CBM 37. Ich
wage in der Hast nicht, zu einem Urteil über den Wert der einzelnen Abspiele
zu gelangen; mehr Anwendung in der Praxis mag die Klarheit fördern.}) 10. h4 {
In der Partie Grigorian,K-Vasiukov,E, URS ch 42, Leningrad 1974, geschah:} (10.
g3 Bb4 11. Bg2 exd4 12. Bxd4 O-O 13. O-O Qe7 14. e4 Rd8 15. Qe2 Nc5 {In
Betracht kommt 14...Bc5. In Betracht kommt 14...Bc5.} 16. Be3 Nba6 17. Qc2 {
mit etwa gleichen Aussichten für beide Seiten.}) 10... f6 {Dies ist, soweit
ich sehe, bisher noch nicht gespielt worden. Wahrscheinlich wird die Methode
nicht viele Nachahmer finden; das Endspiel, das in der Partie entsteht, sieht
nicht angenehm für Schwarz aus. Ich zitiere eine Partie, in der Schwarz eine
andere Lösung versuchte:} (10... Be7 $6 11. h5 Bf5 12. dxe5 O-O 13. h6 Na6 {
Dies erscheint mir zu frivol. Nötig war ein Zug mit dem gP Dies erscheint mir
zu frivol. Nötig war ein Zug mit dem gP} (13... g6 {Auf} 14. Nd6 {folgt folgt}
Be6 15. f4 f6 {mit undeutlicher Lage; oder sogar}) (13... g5 {um die Deckung
des eP durch f3-f4 zu erschweren.}) (13... g5 {um die Deckung des eP durch
f3-f4 zu erschweren.}) 14. hxg7 Re8 15. g4 Bg6 (15... Be6 16. Qd3 $18) 16. f4
$18 Nb4 17. Rc1 Nd5 18. Bg2 Nxe3 19. Nxe3 Bh4+ 20. Kf1 Bg3 21. f5 Qb6 22. fxg6
hxg6 23. Qd2 Bxe5 24. Ned5 {1-0 Sokolov,I-Hellsten,J/Malmo 1995}) (10... exd4
$6 {gefällt mir nicht:} 11. Bxd4 f6 12. e4 $16) (10... Bb4 $5 {sieht aktiver
und besser aus als 10...Le7; das Feld e7 bleibt der schwarzen Q zugänglich.
Nach} 11. dxe5 O-O {ist die Stellung unklar. Nicht ohne Risiko für Weiß ist
die Folge} 12. h5 Bf5 13. Nd6 Be6 14. Nxb7 Qc7 15. Nd6 Nxe5 {etc.}) 11. dxe5
Nxe5 12. Qxd8+ Kxd8 13. Nxe5 fxe5 14. h5 Bc2 15. h6 Nd7 16. hxg7 (16. a5 $5 $14
{Krasenkow}) 16... Bxg7 17. a5 {Dies gefällt mir nicht; die Entwicklung des
Weißen ist nicht fortsgeschritten genug, um auf beiden Flügeln zu spielen.} (
17. Bh6 {ist meines Erachtens stärker:} Bxh6 (17... Bf6 18. e4 a5 (18... Nc5 {
scheitert an} 19. b4) 19. Be3 {hat Weiß die besseren Aussichten.}) 18. Rxh6 Bg6
19. e3 Ke7 20. Rd1 Nf6 (20... Nc5 21. b4 {mit Vorteil für Weiß;}) (20... a5 21.
Bd3 {ist ebenfalls unangenehm für Schwarz.}) 21. Bd3 {Die Aufgabe des
Nachziehenden ist nicht leicht.}) 17... Nf8 {/\Ne6-d4} 18. Bh6 Bf6 (18... Bxh6
{Krasenkow} 19. Rxh6 Bg6 $14) 19. Bxf8 {So gewinnt Weiß einen Bauern, aber
Schwarz erhält ausreichendes Gegenspiel durch den Besitz der schwarzen Felder.}
Rxf8 20. e4 {/\21.Bc4+-} Bb3 ({Nach} 20... Rf7 $2 21. Bc4 {würde Schwarz den
Läufer auf c2 einbüßen.}) 21. Rxh7 Rf7 22. Rh6 Ke7 {<=>^^} 23. Ra3 Be6 24. Ra4
(24. Na4 $16 {Krasenkow}) 24... Rg7 {/\Bg5-e3-d4} 25. Rb4 Rb8 26. Kf2 Bg5 27.
Rh1 b5 28. axb6 Rxb6 (28... a5 $1 {Krasenkow} 29. Ra4 Rxb6 30. Rxa5 (30. Bc4
Rxb2+ 31. Ne2 $17) 30... Rxb2+ 31. Be2 Rc2 $17) 29. Rxb6 axb6 30. Rh8 (30. Be2
{Krasenkow}) 30... Bc1 31. Nd1 Kd6 (31... Bb3 $2 {Krasenkow} 32. Ne3) 32. g4
Rf7 (32... Ra7 $44 {Krasenkow}) 33. Bh3 b5 34. Ne3 Bxb2 35. g5 (35. Rh6 {
Krasenkow} Kd7 $1 (35... Bd4 $2 36. g5 Re7 37. Bxe6 Rxe6 38. g6 $18) (35... Ke7
36. Nf5+ Bxf5 37. exf5 Rf6 38. Rh5 $16) 36. g5 (36. Nf5 Bc1 37. Rh5 b4) 36...
Bxh3 37. Rxh3 Rg7 38. Rg3 Rg6 {/\39...Bc1}) (35. Nf5+ {Krasenkow} Bxf5 36. exf5
e4 37. Rh6+ (37. Re8 Bd4+ {/\38...exf3, 39...b4<=>}) 37... Rf6 38. Rxf6+ Bxf6
39. fxe4 Ke5 40. Ke3 c5 $11) 35... Bxh3 36. Rxh3 Bd4 37. Ke2 Bxe3 38. Kxe3 Rg7
39. Rh6+ (39. f4 {Krasenkow} exf4+ 40. Kxf4 Rf7+ 41. Kg4 Ke5 $11) 39... Kc5 40.
f4 exf4+ 41. Kxf4 b4 42. g6 b3 43. Kf5 b2 44. Rh1 Rb7 45. Rb1 Kd4 46. e5 c5 47.
e6 c4 1/2-1/2

[Event "NED-ch55"]
[Site "Rotterdam"]
[Date "2000.05.15"]
[Round "8"]
[White "Van Wely, Loek"]
[Black "De Vreugt, Dennis"]
[Result "1-0"]
[WhiteElo "2646"]
[BlackElo "2498"]
[Annotator "Huebner,R"]
[PlyCount "57"]
[EventDate "2000.05.07"]
[EventType "tourn"]
[EventRounds "11"]
[EventCountry "NED"]
[EventCategory "12"]
[SourceTitle "CBM 077"]
[Source "ChessBase"]
[SourceDate "2000.07.27"]
[SourceVersion "1"]
[SourceVersionDate "2000.07.27"]
[SourceQuality "1"]

1. d4 d5 2. c4 c6 3. Nc3 Nf6 4. Nf3 dxc4 5. a4 Na6 6. e4 Bg4 7. Bxc4 e6 8. Be3
Be7 9. O-O O-O 10. h3 Bh5 11. g4 Bg6 12. Ne5 Nb4 (12... c5 13. Bxa6 bxa6 14.
dxc5 Qc7 15. Nxg6 hxg6 16. Rc1 Rfc8 17. b4 a5 $11 {Tajmanov-Smyslov,
Meisterschaft der UdSSR 1969, vgl. Z. Ribli, Slawisch D16-19 
(Informatormonographie), D 16/6, Fußnote 41.}) 13. Qe2 Qa5 $6 (13... c5 14.
dxc5 Qc7 15. Nxg6 hxg6 16. Rac1 a6 17. Rfd1 Rfd8 18. Kg2 Bxc5 {1/2-1/2
Speelman,J-Hartston,W/Morecambe 1981/EXT 99 (18)}) 14. g5 Ne8 $2 (14... Nh5 {
bietet viel besseren Widerstand.}) 15. Bb3 (15. Nd7 {scheint mir gut genug zu
sein; Schwarz erhält keine nennenswerte Kompensation für das verlorene
Material. Der Textzug ist jedoch kaum schwächer.}) 15... Nd6 16. Qg4 Na6 17. h4
(17. Bxe6 $5) 17... c5 18. h5 cxd4 19. Bxd4 Nf5 {Statt dessen könnte Schwarz
auch aufgeben;} (19... Qb4 20. hxg6 Qxb3 (20... hxg6 21. Nxg6 {ist
hoffnungslos für Schwarz.}) 21. gxh7+ Kh8 22. Qh5 {führt aber ebenfalls zu
einer hoffnungslosen Lage.}) 20. exf5 Bxf5 21. Qg3 Rad8 (21... Qb4 22. Bc4) 22.
Nb5 Qb4 23. Qc3 f6 24. Nf3 fxg5 25. Qxb4 Nxb4 26. Bxa7 Nc6 27. Nfd4 Be4 28.
Nxe6 Rd3 29. Bc4 1-0

[Event "Albert m"]
[Site "Albert"]
[Date "1996.??.??"]
[Round "6"]
[White "Bacrot, Etienne"]
[Black "Smyslov, Vassily V"]
[Result "1-0"]
[WhiteElo "2470"]
[BlackElo "2510"]
[Annotator "Huebner,R"]
[PlyCount "87"]
[EventDate "1996.09.05"]
[EventType "match"]
[EventRounds "6"]
[EventCountry "FRA"]
[SourceTitle "CBM 056"]
[Source "ChessBase"]
[SourceDate "1997.02.01"]
[SourceVersion "1"]
[SourceVersionDate "1997.02.01"]
[SourceQuality "1"]

1. d4 {King} d5 2. c4 c6 3. Nc3 Nf6 4. Nf3 dxc4 5. a4 Na6 6. e3 ({Aktiver ist} 
6. e4) 6... Bg4 7. Bxc4 e6 8. O-O Be7 9. Qe2 Nb4 10. Rd1 O-O 11. h3 Bh5 12. a5
Rc8 {An dieser Stelle wurden bisher Damenzüge versucht:} ({I} 12... Qc7 13. e4
(13. b3 b5 {bringt dem Weißen nichts ein.}) (13. g4 Bg6 14. Ne5 {scheint mir
die wichtigste Fortsetzung zu sein:} c5 (14... Rad8 15. Nxg6 hxg6 16. e4 $14) (
14... Be4 15. Nxe4 (15. g5 Bc2 $13) 15... Nxe4 16. Bd2 $14) 15. Nb5 Qc8 16.
Nxg6 hxg6 17. dxc5 $14) 13... c5 14. g4 (14. d5 $6 exd5 15. exd5 (15. Nb5 Qc6
16. exd5 Nfxd5 17. Bxd5 Nxd5 18. Rxd5 Qxd5 19. Qxe7 Bxf3 20. gxf3 Rae8 $19)
15... a6 {Meines Erachtens steht Schwarz besser: Krogius-Saidy, Polanica Zdroj
1969, Inf. 8/508; Z. Ribli, Slawisch D16-19 (1996), D16/5, Fußnote 32.}) 14...
Bg6 15. b3 (15. Ne5 cxd4 16. Nxg6 hxg6 17. Rxd4 Bc5 $19 {denn wenn sich der
Turm des Weißen zurückzieht, folgt 18...Dg3+.}) 15... cxd4 16. Nxd4 {mit etwa
ausgeglichener Stellung.}) ({II} 12... Qc8 13. g4 (13. b3 b5 (13... c5 14. dxc5
$14 {Boleslavskij, siehe Z. Ribli, Slawisch D16-19 (1996), D16/5, Fußnote 32.})
14. axb6 axb6 $11) 13... Bg6 14. e4 (14. Ne5 $14) 14... c5 15. Bf4 $14) ({III} 
12... Rc8 {, der Textzug, hat gegenüber den Damenzügen zwei Nachteile: erstens
bleibt die Dame in der Wirkungslinie des gegnerischen Königsturmes, und
zweitens ermangelt gelegentlich der Bauer auf a7 des Schutzes (nach c6-c5,
Sc3-b5). Er ist keine Verstärkung.}) 13. Bb3 ({Weiß vermeidet zu recht die
Folge} 13. b3 b5 {mit Ausgleich.}) ({Stärker war jedoch meines Erachtens} 13.
g4 Bg6 14. Ne5 (14. e4 c5 15. Bf4 {gibt dem Weißen ebenfalls eine vorzügliche
Stellung}) {denn} 14... Be4 {scheitert jetzt an} 15. g5 Bc2 16. gxf6 gxf6 (
16... Bxd1 17. fxe7) 17. Ng4 $16) 13... c5 {Dies ist die einzige Möglichkeit
für Schwarz, etwas Aktives zu unternehmen.} ({Sonst kam nur} 13... Qc7 {
in Betracht, zum Beispiel} 14. g4 Bg6 15. Ne5 (15. e4 c5 {verspricht dem
Weißen nicht mehr.}) 15... c5 16. Nb5 Qb8 17. Nxg6 hxg6 18. Bd2 a6 19. dxc5
Bxc5 20. Nd4 {mit leichtem Vorteil für Weiß.}) 14. Nb5 (14. g4 Bg6 15. Ne5 {
kam noch stets in Betracht.}) 14... Bxf3 15. gxf3 ({Nach} 15. Qxf3 {wird Weiß
mit} c4 {gestört:} 16. Ba4 Qd5 {mit gutem Spiel für Schwarz.}) 15... a6 16.
dxc5 Nbd5 (16... Nfd5 $5 17. Nd6 (17. e4 axb5 18. exd5 exd5 (18... Nxd5 19.
Bxd5 exd5 20. b4 {sieht für Schwarz riskant aus.}) 19. Qxb5 Bxc5 20. Be3 {
Auf andere Züge folgt 20...Dh4.} Bxe3 {Schwarz hat nichts zu befürchten.})
17... Bxd6 18. cxd6 Qxd6 {Der einzige Unterschied zur Partiefolge besteht
darin, daß ein schwarzer Springer auf b4 steht statt auf f6; ihm winkt, falls
nötig, ein schönes Rückzugsfeld auf c6. Anscheinend war 16...Sfd5 genauer als
16...Sbd5.}) 17. Nd6 ({Mehr versprach jetzt meines Erachtens die Fortsetzung} 
17. e4 axb5 18. exd5 exd5 (18... Nxd5 19. Bxd5 exd5 20. b4 {führt zur oben
unter 16...Sfd5: unter A, erste Klammer, angegebenen Variante; Weiß steht
besser.}) 19. Qxb5 Bxc5 20. Bf4 (20. Bg5 Qd6 21. Kg2 Bxf2 {ist nicht besser.})
20... Re8 {Weiß hat die Initiative.} 21. Rac1) 17... Bxd6 18. cxd6 Qxd6 19. Ra4
(19. e4 Qe5 (19... Nf4 20. Qe3 Qb4 {genügt auch.}) 20. Qd2 Ne7 21. Qg5 Ng6 {
bereitet dem Schwarzen keine Schwierigkeiten; aber auch nach dem Textzug ist
die Stellung meines Erachtens ausgeglichen.}) 19... Rc5 20. f4 {King: The
knights become dominated in classic fashion, and the f-pawns, giving greater
control of the centre, play their part.} Qc6 (20... Rfc8 21. Bd2 b5 22. axb6 (
22. Rd4 e5 $13) 22... Qxb6 $11) 21. Bd2 Qb5 {Prinzipiell begeistert mich beim
vorliegenden Stellungstypus die Idee nicht, die Damen zu tauschen. Vielleicht
gibt es jetzt aber schon nichts Besseres, denn nach} (21... b5 22. Rd4 {
steht Weiß besser.}) 22. Qxb5 Rxb5 23. Ra3 Ne4 (23... Rc8 $5 {sieht wie eine
plausible Fortsetzung aus.}) (23... h6 $5 {mit der Absicht, zum rechten
Zeitpunkt g7-g5 zu spielen, ist ebenfalls eine Standardidee bei einer
derartigen Konstellation. Die von Schwarz durchgeführte Überführung des
Springers von d5 nach e4 überzeugt mich nicht.}) 24. Be1 Ndf6 (24... Rc8 $5) (
24... h6 $5) 25. Rc1 {Weiß hat die wichtige c-Linie mit dem Turm besetzen
können.} Rd8 26. f3 Nd6 (26... Nc5 27. Bc4 Rxb2 28. Bc3 $16) (26... Rc5 27.
Raa1 {ist keine Verbesserung für Schwarz.}) 27. Rd1 Nfe8 $2 (27... Nd5 {
war stärker; ich sehe keine Möglichkeit für Weiß, die Konstellation auf der
d-Linie zu seinem Vorteil auszubeuten. Deckt er den Bauern auf e3, so kann
Schwarz mit f7-f5 fortfahren.}) 28. Ba4 Rd5 29. Rxd5 exd5 30. Rd3 Nc7 (30...
Nf6 31. Bc3 {ist hoffnungslos für Schwarz.} (31. Bh4 Nc4 {ist weniger klar.}))
(30... Nc4 31. Bc3 Nc7 32. b3 b5 33. bxc4 bxa4 34. Be5 {sieht ebenfalls nicht
vertrauenerweckend für Schwarz aus.}) 31. Bb4 Ndb5 $2 ({Schwarz mußte unbedingt
} 31... Nc4 {versuchen. Nach dem Textzug wird seine Lage hoffnungslos.}) 32.
Bc5 f5 33. Bb6 Rd6 34. e4 (34. Bxc7 Nxc7 35. Rb3 {führte auch zum Sieg.}) 34...
Kf7 (34... Ne6 35. Bxb5 (35. e5 Rd7 $13) 35... axb5 36. Rxd5 Rxd5 37. exd5 Nf8
38. Kf2 Kf7 39. Ke3 Nd7 40. Kd4 Ke7 41. Bc7 $18 {nebst Königsmarsch nach b4 
(eventuell vorbereitet durch Lc7-e5) ist hoffnungslos für Schwarz.}) 35. e5 Rc6
36. Bxc7 Rc1+ 37. Kf2 Nxc7 38. Rb3 Ne6 39. Rxb7+ Kf8 40. Rb8+ Ke7 41. Rb7+ Rc7
42. Rxc7+ Nxc7 43. Bc6 d4 44. b4 1-0

[Event "Lausanne YM"]
[Site "Lausanne"]
[Date "2000.06.03"]
[Round "3.1"]
[White "Bu, Xiangzhi"]
[Black "De Vreugt, Dennis"]
[Result "0-1"]
[WhiteElo "2565"]
[BlackElo "2498"]
[Annotator "Huebner,R"]
[PlyCount "104"]
[EventDate "2000.05.30"]
[EventType "k.o."]
[EventRounds "3"]
[EventCountry "SUI"]
[SourceTitle "CBM 078"]
[Source "ChessBase"]
[SourceDate "2000.10.18"]
[SourceVersion "1"]
[SourceVersionDate "2000.10.18"]
[SourceQuality "1"]

1. d4 d5 2. c4 c6 3. Nf3 Nf6 4. Nc3 dxc4 5. a4 Na6 6. e3 {Dieser zahme Aufbau
verspricht kaum Eröffnungsvorteil.} (6. e4 {ist üblich.}) 6... Bg4 7. Bxc4 e6
8. O-O Be7 9. h3 Bh5 10. Qe2 Nb4 11. Rd1 O-O 12. g4 Bg6 13. Ne5 Qa5 $6 {
Der Textzug bewirkt nichts, und meines Erachtens steht die Dame hier nicht
besonders günstig. Konsequent ist die Fortsetzung} (13... c5 {Mit} 14. h4 (14.
dxc5 Qc7 {führt zu einer ausgeglichenen Stellung.}) 14... cxd4 15. exd4 Nfd5
16. h5 (16. Bxd5 exd5 17. h5 Bc2 $11) 16... Bc2 17. Rd2 Nf4 18. Qf3 Bg5 19. Na2
Nxa2 20. Rxa2 Bb1 21. Ra1 f6 22. Rxb1 fxe5 23. dxe5 Nh3+ 24. Qxh3 Bxd2 {
erreicht Weiß keinen Vorteil.}) ({Nach} 13... Nd7 14. Nxg6 hxg6 {erhält
Schwarz eine etwas passive, aber sehr solide Stellung.}) 14. h4 Rad8 15. Bb3 (
15. h5 {kommt ebenfalls in Betracht:} Bc2 16. Rd2 b5 {Ich sehe keine andere
sinnvolle Fortsetzung; Schwarz muß energisch auftreten.} 17. Ba2 (17. Rxc2 Nxc2
18. Qxc2 bxc4 19. Nxc6 Qc7 20. Nxd8 Nxg4 21. f3 Qg3+ 22. Qg2 Qe1+ 23. Qf1 Qg3+
{führt zum Unentschieden.}) 17... Bxa4 18. Bb1 Qc7 19. Nxa4 bxa4 {mit unklarer
Lage. Der Textzug dürfte mehr versprechen.}) 15... Qa6 {Gegen die Drohung 16.
h5 gibt es keine bessere Verteidigung.} 16. Qxa6 bxa6 17. Rd2 $6 ({Nach} 17. h5
Bc2 18. Bxc2 Nxc2 19. Rb1 Nb4 20. Bd2 {hat Weiß einen geringfügigen Vorteil.})
(17. f4 Bc2 18. Bxc2 Nxc2 19. Rb1 Nb4 20. g5 Nh5 21. Bd2 f6 {führt zu etwa
gleichem Ergebnis.}) ({Weiß möchte nicht seinen weißfeldrigen Läufer, sondern
den Springer gegen den Damenläufer des Schwarzen abtauschen. Diese Idee
scheint mir die richtige zu sein. Weiß führt sie jedoch in der falschen Form
aus. Viel stärker ist} 17. g5 Nd7 (17... Nfd5 18. e4 {ist noch ungünstiger für
Schwarz.}) 18. Nxg6 hxg6 19. e4 {mit Vorteil für Weiß; seine Figuren stehen
einander nicht im Wege, wie es nach der Partiefortsetzung der Fall ist.}) 17...
Nd7 18. Nxg6 hxg6 19. g5 c5 20. Rd1 cxd4 21. exd4 Nb6 22. Be3 Rd7 23. Rac1 (23.
Ne4 N6d5 24. Nc5 Rc7 {führt zu einer ausgeglichenen Stellung.}) 23... Rb8 24.
a5 {Dieser Bauer kann auf a5 angegriffen werden. Solider ist} (24. Ne4 {
mit Ausgleich.}) 24... N6d5 25. Ba4 {Der Läufer steht hier nicht wirkungsvoll,
aber nach} (25. Bc4 {kann} Bd8 {geschehen. Das Gleichgewicht der Stellung ist
übrigens in keinem Fall gestört, obwohl sie für Schwarz vielleicht etwas
angenehmer zu spielen ist.}) 25... Rdd8 26. Kg2 Bd6 ({Nach} 26... Nxe3+ 27.
fxe3 Nd5 28. Nxd5 Rxb2+ 29. Rc2 Rxc2+ 30. Bxc2 Rxd5 31. Ra1 {dürfte Weiß das
Endspiel ohne größere Mühe remis halten können.}) 27. Kf3 $6 (27. Nxd5 Nxd5 28.
b3 Bb4 29. Bd2 {wahrt den Ausgleich, denn der Turm des Weißen hat einen
schönen Stützpunkt auf c4.}) 27... Bc7 28. Nxd5 Nxd5 29. Rc6 $2 (29. b3 {
bot meines Erachtens bessere Rettungsaussichten, denn nach wie vor können die
Türme des Schwarzen nicht aktiv werden.}) 29... Rxb2 30. Rxa6 Ra2 31. Bb3 Rxa5
32. Rxa5 Bxa5 33. Rc1 Bb6 {Diese Stellung dürfte hoffnungslos für Weiß sein.
Er hat einen Bauern verloren, und d4 und h4 sind schwach.} 34. Ke4 Ne7 35. Rc3
Kf8 36. Rc4 Nf5 37. Ra4 Rd7 38. d5 exd5+ 39. Bxd5 Re7+ 40. Kf4 Nxe3 41. fxe3
Rxe3 42. Ra2 Rd3 43. Bc6 Rc3 44. Bd5 f5 45. gxf6 gxf6 46. h5 gxh5 47. Kf5 Ke7
48. Kg6 h4 49. Be4 h3 50. Bf5 Rg3+ 51. Kh6 Bg1 52. Re2+ Re3 0-1

[Event "RUS-ch 53rd"]
[Site "Samara"]
[Date "2000.06.23"]
[Round "7"]
[White "Aseev, Konstantin N"]
[Black "Ulybin, Mikhail"]
[Result "1-0"]
[WhiteElo "2517"]
[BlackElo "2580"]
[Annotator "Huebner,R"]
[PlyCount "91"]
[EventDate "2000.06.03"]
[EventType "swiss"]
[EventRounds "11"]
[EventCountry "RUS"]
[SourceTitle "CBM 078"]
[Source "ChessBase"]
[SourceDate "2000.10.18"]
[SourceVersion "1"]
[SourceVersionDate "2000.10.18"]
[SourceQuality "1"]

1. d4 d5 2. c4 c6 3. Nf3 Nf6 4. Nc3 dxc4 5. a4 Bg4 6. Ne5 Bh5 7. f3 e6 $6 {
Stärker ist} (7... Nfd7 8. Nxc4 e5) 8. g4 Nfd7 $2 {Danach verliert Schwarz
Material. Ungünstig für ihn ist auch} (8... Bg6 9. h4 h6 10. Nxg6 fxg6 11. e3
$16 {aber nach}) (8... Nd5 9. e4 (9. h4 f6 10. Nxc4 Bf7 {führt zum Ausgleich.})
9... Qh4+ 10. Ke2 Nxc3+ 11. bxc3 Bg6 {ist die Lage unklar.}) 9. Nxd7 Qh4+ 10.
Kd2 Nxd7 11. gxh5 Nc5 {Dies ist die beste Möglichkeit für Schwarz; der
springer gelangt nach b3, und so gewinnt Schwarz noch eine Qualität. Zum
Ausgleich langt dies indessen nicht.} 12. Kc2 Nb3 13. Kb1 O-O-O 14. e3 e5 15.
Bxc4 Nxa1 16. Bxf7 Qf6 17. Ba2 exd4 18. exd4 Bc5 19. Ne4 Qf5 20. Qd3 Qxh5 21.
d5 Bb4 22. Kxa1 Kb8 23. Ng3 Qf7 24. Qe4 Qe7 25. dxc6 Qxe4 26. Nxe4 bxc6 27.
Bf4+ Kb7 28. Be5 Rhf8 29. Ng5 Rd2 30. Bxg7 Rf5 31. h4 Be7 32. Re1 Bxg5 33. hxg5
Rxg5 34. Bc3 (34. Bh6 {war stark.}) 34... Rdg2 35. Re7+ Kb6 36. Bb1 c5 37. Be4
a5 38. Rb7+ Ka6 39. Rxh7 Rg1+ 40. Ka2 c4 41. Rc7 Kb6 42. Rc6+ Ka7 43. Rxc4 Rd1
44. Rc7+ Kb8 45. Rb7+ Kc8 46. Rb5 1-0